NCAA Division I Basketball Arenas (2025-26) - Statistics

General Stats
  • This quiz has been taken 17 times
  • The average score is 85 of 365
Answer Stats
Arena City Conference Answer % Correct
Alaska Airlines Arena at Hec Edmundson Pavilion Seattle, WA Big Ten Washington
75%
Coleman Coliseum Tuscaloosa, AL SEC Alabama
63%
Alabama A&M Events Center Normal, AL SWAC Alabama A&M
63%
Desert Financial Arena Tempe, AZ Big 12 Arizona State
63%
Bud Walton Arena Fayetteville, AR SEC Arkansas
63%
Foster Pavilion Waco, TX Big 12 Baylor
63%
Hinkle Fieldhouse Indianapolis, IN Big East Butler
63%
Fifth Third Arena Cincinnati, OH Big 12 Cincinnati
63%
CU Events Center Boulder, CO Big 12 Colorado
63%
CHI Health Center Omaha, NE Big East Creighton
63%
Cameron Indoor Stadium Durham, NC ACC Duke
63%
Exactech Arena at the Stephen C. O'Connell Center Gainesville, FL SEC Florida
63%
Al Lawson Center Tallahassee, FL SWAC Florida A&M
63%
Capital One Arena Washington, DC Big East Georgetown
63%
Fertitta Center Houston, TX Big 12 Houston
63%
Carver-Hawkeye Arena Iowa City, IA Big Ten Iowa
63%
Hilton Coliseum Ames, IA Big 12 Iowa State
63%
Allen Fieldhouse Lawrence, KS Big 12 Kansas
63%
Bramlage Coliseum Manhattan, KS Big 12 Kansas State
63%
Fiserv Forum Milwaukee, WI Big East Marquette
63%
Crisler Center Ann Arbor, MI Big Ten Michigan
63%
Breslin Student Events Center East Lansing, MI Big Ten Michigan State
63%
Dean Smith Center Chapel Hill, NC ACC North Carolina
63%
Gallagher-Iba Arena Stillwater, OK Big 12 Oklahoma State
63%
Bryce Jordan Center University Park, PA Big Ten Penn State
63%
Amica Mutual Pavilion Providence, RI Big East Providence
63%
Colonial Life Arena Columbia, SC SEC South Carolina
63%
Addition Financial Arena Orlando, FL Big 12 UCF
63%
Harry A. Gampel Pavilion Storrs, CT Big East UConn
63%
Galen Center Los Angeles, CA Big Ten USC
63%
Finneran Pavilion Philadelphia, PA Big East Villanova
63%
Cintas Center Cincinnati, OH Big East Xavier
63%
Clune Arena Colorado Springs, CO Mountain West Air Force
50%
Dunn-Oliver Acadome Montgomery, AL SWAC Alabama State
50%
Bender Arena Washington, DC Patriot American
50%
George M. Holmes Convocation Center Boone, NC Sun Belt Appalachian State
50%
First National Bank Arena Jonesboro, AR Sun Belt Arkansas State
50%
Christl Arena West Point, NY Patriot Army
50%
Curb Event Center Nashville, TN Missouri Valley Belmont
50%
Binghamton University Events Center Vestal, NY America East Binghamton
50%
ExtraMile Arena Boise, ID Mountain West Boise State
50%
Conte Forum Chestnut Hill, MA ACC Boston College
50%
Chace Athletic Center Smithfield, RI America East Bryant
50%
Alumni Arena Buffalo, NY MAC Buffalo
50%
Haas Pavilion Berkeley, CA ACC California
50%
Farris Center Conway, AR ASUN Central Arkansas
50%
Buccaneer Field House North Charleston, SC Big South Charleston Southern
50%
Dale F. Halton Arena Charlotte, NC American Charlotte
50%
Emil and Patricia Jones Convocation Center Chicago, IL NEC Chicago State
50%
HTC Center Conway, SC Sun Belt Coastal Carolina
50%
Bob Carpenter Center Newark, DE CUSA Delaware
50%
Hamilton Gymnasium Denver, CO Summit Denver
50%
Calihan Hall Detroit, MI Horizon Detroit Mercy
50%
Daskalakis Athletic Center Philadelphia, PA CAA Drexel
50%
George Gervin GameAbove Center Ypsilanti, MI MAC Eastern Michigan
50%
Ford Center Evansville, IN Missouri Valley Evansville
50%
FAU Arena Boca Raton, FL American FAU
50%
Donald L. Tucker Civic Center Tallahassee, FL ACC Florida State
50%
Charles E. Smith Center Washington, DC A-10 George Washington
50%
Georgia State Convocation Center Atlanta, GA Sun Belt Georgia State
50%
Hank McCamish Pavilion Atlanta, GA ACC Georgia Tech
50%
Fredrick C. Hobdy Assembly Center Grambling, LA SWAC Grambling State
50%
Global Credit Union Arena Phoenix, AZ Mountain West Grand Canyon
50%
Hampton Convocation Center Hampton, VA CAA Hampton
50%
Burr Gymnasium Washington, DC MEAC Howard
50%
CEFCU Arena Normal, IL Missouri Valley Illinois State
50%
Hulman Center Terre Haute, IN Missouri Valley Indiana State
50%
Atlantic Union Bank Center Harrisonburg, VA Sun Belt James Madison
50%
Cajundome Lafayette, LA Sun Belt Louisiana
50%
Fant-Ewing Coliseum Monroe, LA Sun Belt Louisiana-Monroe
50%
Cross Insurance Center Bangor, ME America East Maine
50%
Cam Henderson Center Huntington, WV Sun Belt Marshall
50%
FedExForum Memphis, TN American Memphis
50%
Hawkins Arena Macon, GA Southern Mercer
50%
Humphrey Coliseum Starkville, MS SEC Mississippi State
50%
Dahlberg Arena Missoula, MT Big Sky Montana
50%
Brick Breeden Fieldhouse Bozeman, MT Big Sky Montana State
50%
Ellis Johnson Arena Morehead, KY Ohio Valley Morehead State
50%
CFSB Center Murray, KY Missouri Valley Murray State
50%
Betty Engelstad Sioux Center Grand Forks, ND Summit North Dakota
50%
Bank of Colorado Arena Greeley, CO Big Sky Northern Colorado
50%
Convocation Center DeKalb, IL MAC Northern Illinois
50%
Convocation Center Athens, OH MAC Ohio
50%
Chartway Arena Norfolk, VA Sun Belt Old Dominion
50%
Baxter Arena Omaha, NE Summit Omaha
50%
Gill Coliseum Corvallis, OR West Coast Oregon State
50%
Firestone Fieldhouse Malibu, CA West Coast Pepperdine
50%
Chiles Center Portland, OR West Coast Portland
50%
Dedmon Center Radford, VA Big South Radford
50%
Jersey Mike's Arena Piscataway, NJ Big Ten Rutgers
50%
Hornets Nest Sacramento, CA Big Sky Sacramento State
50%
Chaifetz Arena St. Louis, MO A-10 Saint Louis
50%
Bernard Johnson Coliseum Huntsville, TX CUSA Sam Houston
50%
First Bank and Trust Arena Brookings, SD Summit South Dakota State
50%
Banterra Center Carbondale, IL Missouri Valley Southern Illinois
50%
DeGol Arena Loretto, PA NEC St. Francis
50%
Hagan Arena Philadelphia, PA A-10 St. Joseph's
50%
American Bank Center Arena Corpus Christi, TX Southland Texas A&M-Corpus Christi
50%
Devlin Fieldhouse New Orleans, LA American Tulane
50%
Bartow Arena Birmingham, AL American UAB
50%
Bren Events Center Irvine, CA Big West UC Irvine
50%
Costello Athletic Center Lowell, MA America East UMass Lowell
50%
First Horizon Coliseum Greensboro, NC Southern UNC Greensboro
50%
Burns Arena St. George, UT WAC Utah Tech
50%
Don Haskins Center El Paso, TX CUSA UTEP
50%
Convocation Center San Antonio, TX American UTSA
50%
Athletics-Recreation Center Valparaiso, IN Missouri Valley Valparaiso
50%
Cassell Coliseum Blacksburg, VA ACC Virginia Tech
50%
Beasley Coliseum Pullman, WA West Coast Washington State
50%
Dee Events Center Ogden, UT Big Sky Weber State
50%
E.A. Diddle Arena Bowling Green, KY CUSA Western Kentucky
50%
Charles Koch Arena Wichita, KS American Wichita State
50%
Arena-Auditorium Laramie, WY Mountain West Wyoming
50%
Beeghly Center Youngstown, OH Horizon Youngstown State
50%
James A. Rhodes Arena Akron, OH MAC Akron
38%
Davey Whitney Complex Lorman, MS SWAC Alcorn State
38%
Case Gym Boston, MA Patriot Boston University
38%
Carver Arena Peoria, IL Missouri Valley Bradley
38%
Icardo Center Bakersfield, CA Big West Cal State Bakersfield
38%
Cotterell Court Hamilton, NY Patriot Colgate
38%
Freedom Hall Civic Center Johnson City, TN Southern East Tennessee State
38%
Bogota Savings Bank Center Hackensack, NJ NEC Fairleigh Dickinson
38%
Alico Arena Fort Myers, FL ASUN Florida Gulf Coast
38%
EagleBank Arena Fairfax, VA A-10 George Mason
38%
Jack and Ruth Ann Hill Convocation Center Statesboro, GA Sun Belt Georgia Southern
38%
Idaho Central Credit Union Arena Moscow, ID Big Sky Idaho
38%
ICCU Dome Pocatello, ID Big Sky Idaho State
38%
Allen Arena Nashville, TN ASUN Lipscomb
38%
Jack Stephens Center Little Rock, AR Ohio Valley Little Rock
38%
Gersten Pavilion Los Angeles, CA West Coast Loyola Marymount
38%
Harrison HPER Complex Itta Bena, MS SWAC Mississippi Valley State
38%
Flowers Hall Florence, AL ASUN North Alabama
38%
Alex G. Spanos Center Stockton, CA West Coast Pacific
38%
Jadwin Gymnasium Princeton, NJ Ivy Princeton
38%
Jenny Craig Pavilion San Diego, CA West Coast San Diego
38%
America First Event Center Cedar City, UT WAC Southern Utah
38%
Edmunds Center DeLand, FL ASUN Stetson
38%
Island Federal Credit Union Arena Stony Brook, NY CAA Stony Brook
38%
JMA Wireless Dome Syracuse, NY ACC Syracuse
38%
EECU Center Stephenville, TX WAC Tarleton State
38%
Eblen Center Cookeville, TN Ohio Valley Tennessee Tech
38%
Credit Union 1 Arena Chicago, IL Missouri Valley UIC
38%
Jon M. Huntsman Center Salt Lake City, UT Big 12 Utah
38%
Cameron Hall Lexington, VA Southern VMI
38%
Broadview Center Guilderland, NY America East Albany
25%
K.L. Johnson Complex Pine Bluff, AR SWAC Arkansas-Pine Bluff
25%
F&M Bank Arena Clarksville, TN ASUN Austin Peay
25%
Marriott Center Provo, UT Big 12 BYU
25%
Fowler Events Center Riverside, CA WAC Cal Baptist
25%
John M. Belk Arena Davidson, NC A-10 Davidson
25%
Baptist Health Arena Richmond, KY ASUN Eastern Kentucky
25%
Hart Center at the Luth Athletics Complex Worcester, MA Patriot Holy Cross
25%
KFC Yum! Center Louisville, KY ACC Louisville
25%
Draddy Gymnasium The Bronx, NY MAAC Manhattan
25%
Great Southern Bank Arena Springfield, MO CUSA Missouri State
25%
Alumni Hall Annapolis, MD Patriot Navy
25%
Jeffery P. Hazell Athletics Center West Haven, CT NEC New Haven
25%
Joseph G. Echols Memorial Hall Norfolk, VA MEAC Norfolk State
25%
Lenovo Center Raleigh, NC ACC North Carolina State
25%
Hilliard Gates Sports Center Fort Wayne, IN Horizon Purdue Fort Wayne
25%
F.G. Clark Center Baton Rouge, LA SWAC Southern
25%
Health and Physical Education Arena Houston, TX SWAC Texas Southern
25%
Chesapeake Employers Insurance Arena Catonsville, MD America East UMBC
25%
G.B. Hodge Center Spartanburg, SC Big South USC Upstate
25%
College Park Center Arlington, TX WAC UT Arlington
25%
John Paul Jones Arena Charlottesville, VA ACC Virginia
25%
Kaplan Arena Williamsburg, VA CAA William & Mary
25%
Kohl Center Madison, WI Big Ten Wisconsin
25%
John J. Lee Amphitheater New Haven, CT Ivy Yale
25%
McKale Center Tucson, AZ Big 12 Arizona
13%
Neville Arena Auburn, AL SEC Auburn
13%
Knights Hall Louisville, KY ASUN Bellarmine
13%
John W. Pope, Jr. Convocation Center Buies Creek, NC CAA Campbell
13%
Littlejohn Coliseum Clemson, SC ACC Clemson
13%
Levien Gymnasium New York, NY Ivy Columbia
13%
Leede Arena Hanover, NH Ivy Dartmouth
13%
Wintrust Arena Chicago, IL Big East DePaul
13%
Knapp Center Des Moines, IA Missouri Valley Drake
13%
Lantz Arena Charleston, IL Ohio Valley Eastern Illinois
13%
Lavietes Pavilion Allston, MA Ivy Harvard
13%
State Farm Center Champaign, IL Big Ten Illinois
13%
Simon Skjodt Assembly Hall Bloomington, IN Big Ten Indiana
13%
Hynes Athletic Center New Rochelle, NY MAAC Iona
13%
KSU Convocation Center Kennesaw, GA CUSA Kennesaw State
13%
Rupp Arena Lexington, KY SEC Kentucky
13%
Le Moyne Events Center DeWitt, NY NEC Le Moyne
13%
Joan Perry Brock Center Farmville, VA Big South Longwood
13%
Joseph J. Gentile Arena Chicago, IL A-10 Loyola Chicago
13%
Pete Maravich Assembly Center Baton Rouge, LA SEC LSU
13%
Xfinity Center College Park, MD Big Ten Maryland
13%
Hytche Athletic Center Princess Anne, MD MEAC Maryland Eastern Shore
13%
Hammel Court North Andover, MA MAAC Merrimack
13%
Watsco Center Coral Gables, FL ACC Miami
13%
Williams Arena Minneapolis, MN Big Ten Minnesota
13%
Pinnacle Bank Arena Lincoln, NE Big Ten Nebraska
13%
Lawlor Events Center Reno, NV Mountain West Nevada
13%
Lakefront Arena New Orleans, LA Southland New Orleans
13%
Corbett Sports Center Greensboro, NC CAA North Carolina A&T
13%
Welsh-Ryan Arena Evanston, IL Big Ten Northwestern
13%
Purcell Pavilion at Edmund P. Joyce Center South Bend, IN ACC Notre Dame
13%
Value City Arena Columbus, OH Big Ten Ohio State
13%
Lloyd Noble Center Norman, OK SEC Oklahoma
13%
The Sandy and John Black Pavilion Oxford, MS SEC Ole Miss
13%
Matthew Knight Arena Eugene, OR Big Ten Oregon
13%
Mackey Arena West Lafayette, NY Big Ten Purdue
13%
Alumni Gymnasium Lawrenceville, NJ MAAC Rider
13%
Leavey Center Santa Clara, CA West Coast Santa Clara
13%
Prudential Center Newark, NJ Big East Seton Hall
13%
Moody Coliseum University Park, TX ACC SMU
13%
Madison Square Garden New York, NY Big East St. John's
13%
Lee and Penny Anderson Arena St. Paul, MN Summit St. Thomas
13%
Liacouras Center Philadelphia, PA American Temple
13%
Thompson-Boling Arena Knoxville, TN SEC Tennessee
13%
Kathleen and Tom Elam Center Martin, TN Ohio Valley Tennessee-Martin
13%
Gentry Complex Nashville, TN Ohio Valley Tennessee State
13%
Reed Arena College Station, TX SEC Texas A&M
13%
Pauley Pavilion Los Angeles, CA Big Ten UCLA
13%
Kimmel Arena Asheville, NC Big South UNC Asheville
13%
Lawrence Joel Veterans Memorial Coliseum Winston-Salem, NC ACC Wake Forest
13%
WVU Coliseum Morgantown, WV Big 12 West Virginia
13%
Jerry Richardson Indoor Stadium Spartanburg, SC Southern Wofford
13%
Moody Coliseum Abilene, TX WAC Abilene Christian
0%
Worthen Arena Muncie, IN MAC Ball State
0%
Moore Gymnasium Daytona, FL SWAC Bethune-Cookman
0%
Stroh Center Bowling Green, OH MAC Bowling Green
0%
Pizzitola Sports Center Providence, RI Ivy Brown
0%
Sojka Pavilion Lewisburg, PA Patriot Bucknell
0%
Robert A. Mott Athletics Center San Luis Obispo, CA Big West Cal Poly
0%
Titan Gym Fullerton, CA Big West Cal State Fullerton
0%
Premier America Credit Union Arena Northridge, CA Big West Cal State Northridge
0%
Koessler Athletic Center Buffalo, NY MAAC Canisius
0%
William H. Detrick Gymnasium New Britain, CT NEC Central Connecticut
0%
McGuirk Arena Mount Pleasant, MI MAC Central Michigan
0%
TD Arena Charleston, SC CAA Charleston
0%
McKenzie Arena Chattanooga, TN Southern Chattanooga
0%
Wolstein Center Cleveland, OH Horizon Cleveland State
0%
Moby Arena Fort Collins, CO Mountain West Colorado State
0%
Physical Education Complex Baltimore, MD MEAC Coppin State
0%
Newman Arena Ithaca, NY Ivy Cornell
0%
University of Dayton Arena Dayton, OH A-10 Dayton
0%
Memorial Hall Dover, DE MEAC Delaware State
0%
UPMC Cooper Fieldhouse Pittsburgh, PA A-10 Duquesne
0%
Williams Arena at Minges Coliseum Greenville, NC American East Carolina
0%
Reese Court Cheney, WA Big Sky Eastern Washington
0%
The Field House Commerce, TX Southland East Texas A&M
0%
Schar Center Elon, NC CAA Elon
0%
Leo D. Mahoney Arena Fairfield, CT MAAC Fairfield
0%
Ocean Bank Convocation Center Miami, FL CUSA FIU
0%
Rose Hill Gymnasium Bronx, NY A-10 Fordham
0%
Save Mart Center Fresno, CA Mountain West Fresno State
0%
Timmons Arena Greenville, SC Southern Furman
0%
Paul Porter Arena Boiling Springs, NC Big South Gardner-Webb
0%
Stegeman Coliseum Athens, GA SEC Georgia
0%
McCarthey Athletic Center Spokane, WA West Coast Gonzaga
0%
Resch Center Ashwaubenon, WI Horizon Green Bay
0%
Stan Sheriff Center Honolulu, HI Big West Hawaii
0%
Nido & Mariana Qubein Arena and Conference Center High Point, NC Big South High Point
0%
Mack Sports Complex Hempstead, NY CAA Hofstra
0%
Sharp Gymnasium Houston, TX Southland Houston Christian
0%
McDermott Center San Antonio, TX Southland Incarnate Word
0%
The Jungle Indianapolis, IN Horizon IU Indy
0%
Williams Assembly Center Jackson, MS SWAC Jackson State
0%
Swisher Gymnasium Jacksonville, FL ASUN Jacksonville
0%
Pete Mathews Coliseum Jacksonville, AL CUSA Jacksonville State
0%
Swinney Recreation Center Kansas City, MO Summit Kansas City
0%
Memorial Athletic and Convocation Center Kent, OH MAC Kent State
0%
Kirby Sports Center Easton, PA Patriot Lafayette
0%
Neches Federal Credit Union Arena at the Montagne Center Beaumont, TX Southland Lamar
0%
John Glaser Arena Philadelphia, PA A-10 La Salle
0%
Stabler Arena Bethlehem, PA Patriot Lehigh
0%
Liberty Arena Lynchburg, VA CUSA Liberty
0%
Robert F. Hyland Performance Arena St. Charles, MO Ohio Valley Lindenwood
0%
Steinberg Wellness Center Brooklyn, NY NEC LIU
0%
Walter Pyramid Long Beach, CA Big West Long Beach State
0%
Thomas Assembly Center Ruston, LA CUSA Louisiana Tech
0%
Reitz Arena Baltimore, MD Patriot Loyola Maryland
0%
McCann Arena Poughkeepsie, NY MAAC Marist
0%
Mullins Center Amherst, MA MAC Massachusetts
0%
The Legacy Center Lake Charles, LA Southland McNeese State
0%
Mercyhurst Athletic Center Erie, PA NEC Mercyhurst
0%
Millett Hall Oxford, OH MAC Miami
0%
Murphy Center Murfreesboro, TN CUSA Middle Tennessee
0%
UW-Milwaukee Panther Arena Milwaukee, WI Horizon Milwaukee
0%
Mizzou Arena Columbia, MO SEC Missouri
0%
OceanFirst Bank Center West Long Branch, NJ CAA Monmouth
0%
Talmadge L. Hill Field House Baltimore, MD MEAC Morgan State
0%
Knott Arena Emmitsburg, MD MAAC Mount St. Mary's
0%
Lundholm Gym Durham, NC America East New Hampshire
0%
The Pit Albuquerque, NM Mountain West New Mexico
0%
Pan American Center Las Cruces, NM CUSA New Mexico State
0%
Gallagher Center Lewiston, NY MAAC Niagara
0%
Stopher Gymnasium Thibodaux, LA Southland Nicholls State
0%
Wellness and Events Center Newark, NJ America East NJIT
0%
McDougald-McLendon Arena Durham, NC MEAC North Carolina Central
0%
Scheels Center Fargo, ND Summit North Dakota State
0%
Matthews Arena Boston, MA CAA Northeastern
0%
Walkup Skydome Flagstaff, AZ Big Sky Northern Arizona
0%
McLeod Center Cedar Falls, IA Missouri Valley Northern Iowa
0%
Truist Arena Highland Heights, KY Horizon Northern Kentucky
0%
UNF Arena Jacksonville, FL ASUN North Florida
0%
UNT Coliseum Denton, TX American North Texas
0%
Prather Coliseum Natchitoches, LA Southland Northwestern State
0%
OU Credit Union O'rena Rochester, MI Horizon Oakland
0%
Mabee Center Tulsa, OK Summit Oral Roberts
0%
The Palestra Philadelphia, PA Ivy Penn
0%
Petersen Events Center Pittsburgh, PA ACC Pittsburgh
0%
Viking Pavilion Portland, OR Big Sky Portland State
0%
William J. Nicks Building Prairie View, TX SWAC Prairie View A&M
0%
Templeton Physical Education Center Clinton, SC Big South Presbyterian
0%
M&T Bank Arena Hamden, CT MAAC Quinnipiac
0%
Ryan Center Kingston, RI A-10 Rhode Island
0%
Tudor Fieldhouse Houston, TX American Rice
0%
Robins Center Richmond, VA A-10 Richmond
0%
UPMC Events Center Moon Township, PA Horizon Robert Morris
0%
William H. Pitt Center Fairfield, CT MAAC Sacred Heart
0%
University Credit Union Pavilion Moraga, CA West Coast Saint Mary's
0%
Pete Hanna Center Homewood, AL Southern Samford
0%
Viejas Arena San Diego, CA Mountain West San Diego State
0%
The Sobrato Center San Francisco, CA West Coast San Francisco
0%
Provident Credit Union Event Center San Jose, CA Mountain West San Jose State
0%
Redhawk Center Seattle, WA West Coast Seattle
0%
University Center Hammond, LA Southland SE Louisiana
0%
MVP Arena Albany, NY MAAC Siena
0%
Vadalabene Center Edwardsville, IL Ohio Valley SIU Edwardsville
0%
Mitchell Center Mobile, AL Sun Belt South Alabama
0%
SHM Memorial Center Orangeburg, SC MEAC South Carolina State
0%
Sanford Coyote Sports Center Vermillion, SD Summit South Dakota
0%
Show Me Center Cape Girardeau, MO Ohio Valley Southeast Missouri State
0%
Liberty Arena, Home of the Screaming Eagles Evansville, IN Ohio Valley Southern Indiana
0%
Reed Green Coliseum Hattiesburg, MS Sun Belt Southern Miss
0%
Yuengling Center Tampa, FL American South Florida
0%
Maples Pavilion Palo Alto, CA ACC Stanford
0%
Reilly Center St. Bonaventure, NY A-10 St. Bonaventure
0%
William R. Johnson Coliseum Nacogdoches, TX Southland Stephen F. Austin
0%
Merkert Gymnasium Easton, MA NEC Stonehill
0%
Run Baby Run Arena Jersey City, NJ MAAC St. Peter's
0%
Schollmaier Arena Fort Worth, TX Big 12 TCU
0%
Moody Center Austin, TX SEC Texas
0%
Strahan Arena San Marcos, TX Sun Belt Texas State
0%
United Supermarkets Arena Lubbock, TX Big 12 Texas Tech
0%
McAlister Field House Charleston, SC Southern The Citadel
0%
Savage Arena Toledo, OH MAC Toledo
0%
TU Arena Towson, MD CAA Towson
0%
Trojan Arena Troy, AL Sun Belt Troy
0%
Reynolds Center Tulsa, OK American Tulsa
0%
University Credit Union Center Davis, CA Big West UC Davis
0%
UC Riverside Student Recreation Center Riverside, CA Big West UC Riverside
0%
LionTree Arena La Jolla, CA Big West UC San Diego
0%
UC Santa Barbara Events Center Santa Barbara, CA Big West UC Santa Barbara
0%
Tsongas Center Lowell, MA America East UMass Lowell
0%
Trask Coliseum Wilmington, NC CAA UNC Wilmington
0%
Thomas & Mack Center Paradise, NV Mountain West UNLV
0%
Smith Spectrum Logan, UT Mountain West Utah State
0%
UCCU Center Orem, UT WAC Utah Valley
0%
UTRGV Fieldhouse Edinburg, TX Southland UTRGV
0%
Memorial Gymnasium Nashville, TN SEC Vanderbilt
0%
Siegel Center Richmond, VA A-10 VCU
0%
Patrick Gym Burlington, VT America East Vermont
0%
Spiro Sports Center Staten Island, NY NEC Wagner
0%
Liston Ramsey Regional Activity Center Cullowhee, NC Southern Western Carolina
0%
Western Hall Macomb, IL Ohio Valley Western Illinois
0%
University Arena Kalamazoo, MI MAC Western Michigan
0%
The Coliseum Carrollton, GA ASUN West Georgia
0%
Winthrop Coliseum Rock Hill, SC Big South Winthrop
0%
Nutter Center Fairborn, OH Horizon Wright State
0%
No matching quizzes found
Score Distribution
Percent of People with Each Score
Percentile by Number Answered
Your Score History
You have not taken this quiz